[Event "DVM U20 2023"]
[Site "Magdeburg GER"]
[Date "2023.12.29"]
[Round "5"]
[White "Rasch, Lukas"]
[Black "Mehner, Lorenz"]
[Result "0-1"]
[Termination "normal"]
[Board "8.4"]
[WhiteElo "1663"]
[BlackElo "1825"]
[WhiteClock "00:01:44"]
[BlackClock "00:01:42"]
[WhiteTeam "SF Essen-Katernberg 04/32"]
[BlackTeam "USG Chemnitz"]
[PlyCount "78"]
[WhiteFideId "16272072"]
[BlackFideId "16293096"]
[EventCountry "GER"]
[EventRounds "7"]
[EventType "team-swiss"]
[EventDate "2023.12.26"]

1. e4 {[%clk 01:30:56]} {[%emt 00:00:03]} c5 {[%clk 01:30:51]} {[%emt
00:00:10]} 2. c3 {[%clk 01:29:17]} {[%emt 00:00:06]} g6 {[%clk 01:31:07]}
{[%emt 00:02:17]} 3. d4 {[%clk 01:29:41]} {[%emt 00:00:06]} cxd4 {[%clk
01:31:31]} {[%emt 00:00:05]} 4. cxd4 {[%clk 01:30:06]} {[%emt 00:00:05]} d5
{[%clk 01:31:39]} {[%emt 00:00:22]} 5. e5 {[%clk 01:29:53]} {[%emt 00:00:43]}
Nc6 {[%clk 01:31:33]} {[%emt 00:00:37]} 6. Bb5 {[%clk 01:30:04]} {[%emt
00:00:18]} Nh6 {[%clk 01:28:11]} {[%emt 00:03:53]} 7. h3 {[%clk 01:29:38]}
{[%emt 00:00:55]} Bg7 {[%clk 01:19:22]} {[%emt 00:09:20]} 8. Nc3 {[%clk
01:28:53]} {[%emt 00:01:13]} O-O {[%clk 01:18:52]} {[%emt 00:01:01]} 9. Nf3
{[%clk 01:23:30]} {[%emt 00:05:53]} Qb6 {[%clk 01:13:31]} {[%emt 00:05:50]} 10.
O-O {[%clk 01:22:49]} {[%emt 00:01:12]} Nf5 {[%clk 01:11:53]} {[%emt 00:02:09]}
11. Bxc6 {[%clk 01:20:50]} {[%emt 00:02:29]} bxc6 {[%clk 01:11:11]} {[%emt
00:01:10]} 12. Na4 {[%clk 01:15:52]} {[%emt 00:05:28]} Qc7 {[%clk 00:57:25]}
{[%emt 00:14:16]} 13. Re1 {[%clk 01:04:52]} {[%emt 00:11:31]} Bh8 {[%clk
00:48:12]} {[%emt 00:09:42]} 14. Nc5 {[%emt 00:17:58]} Ng7 {[%clk 00:45:17]}
{[%emt 00:03:23]} 15. Bh6 {[%clk 00:44:23]} {[%emt 00:03:33]} Re8 {[%clk
00:43:45]} {[%emt 00:02:03]} 16. Bxg7 {[%clk 00:41:05]} {[%emt 00:03:47]} Bxg7
{[%clk 00:40:12]} {[%emt 00:04:03]} 17. Qd2 {[%clk 00:41:12]} {[%emt 00:00:23]}
Rb8 {[%clk 00:30:38]} {[%emt 00:10:05]} 18. b3 {[%clk 00:40:10]} {[%emt
00:01:32]} Rb5 {[%clk 00:27:10]} {[%emt 00:03:58]} 19. Rec1 {[%clk 00:31:35]}
{[%emt 00:09:04]} e6 {[%clk 00:21:40]} {[%emt 00:06:01]} 20. Qf4 {[%clk
00:27:41]} {[%emt 00:04:23]} Bf8 {[%clk 00:09:37]} {[%emt 00:12:34]} 21. a4
{[%clk 00:18:22]} {[%emt 00:09:49]} Rb4 {[%clk 00:08:26]} {[%emt 00:01:42]} 22.
Rc3 {[%clk 00:17:27]} {[%emt 00:01:24]} Kg7 {[%clk 00:01:24]} {[%emt 00:07:32]}
23. Rac1 {[%clk 00:12:31]} {[%emt 00:05:26]} Bb7 {[%clk 00:00:36]} {[%emt
00:01:17]} 24. Ng5 {[%clk 00:02:47]} {[%emt 00:10:15]} Bxc5 {[%clk 00:00:41]}
{[%emt 00:00:24]} 25. Rxc5 {[%clk 00:02:37]} {[%emt 00:00:40]} Rxb3 {[%clk
00:00:37]} {[%emt 00:00:35]} 26. h4 {[%clk 00:01:24]} {[%emt 00:01:42]} Qe7
{[%clk 00:00:37]} {[%emt 00:00:29]} 27. Ra5 {[%clk 00:00:43]} {[%emt 00:01:12]}
a6 {[%clk 00:00:41]} {[%emt 00:00:25]} 28. g3 {[%clk 00:00:45]} {[%emt
00:00:30]} h6 {[%clk 00:00:44]} {[%emt 00:00:27]} 29. Nf3 {[%clk 00:01:02]}
{[%emt 00:00:12]} Qa3 {[%clk 00:00:34]} {[%emt 00:00:41]} 30. Kg2 {[%clk
00:00:46]} {[%emt 00:00:45]} Rxf3 {[%clk 00:00:44]} {[%emt 00:00:20]} 31. Qxf3
{[%clk 00:00:51]} {[%emt 00:00:26]} Qxc1 {[%clk 00:01:03]} {[%emt 00:00:10]}
32. Rc5 {[%clk 00:01:19]} {[%emt 00:00:01]} Qd2 {[%clk 00:00:54]} {[%emt
00:00:40]} 33. Qb3 {[%clk 00:01:15]} {[%emt 00:00:35]} Qxd4 {[%clk 00:01:01]}
{[%emt 00:00:22]} 34. Rc3 {[%clk 00:01:31]} {[%emt 00:00:13]} Ba8 {[%clk
00:00:53]} {[%emt 00:00:37]} 35. Rf3 {[%clk 00:01:36]} {[%emt 00:00:26]} Qe4
{[%clk 00:00:50]} {[%emt 00:00:33]} 36. Qb6 {[%clk 00:01:23]} {[%emt 00:00:43]}
d4 {[%clk 00:00:40]} {[%emt 00:00:40]} 37. Qc7 {[%clk 00:01:48]} {[%emt
00:00:05]} Rf8 {[%clk 00:01:00]} {[%emt 00:00:10]} 38. Qe7 {[%clk 00:01:41]}
{[%emt 00:00:38]} c5 {[%clk 00:01:17]} {[%emt 00:00:13]} 39. Qf6+ {[%clk
00:01:44]} {[%emt 00:00:26]} Kg8 {[%clk 00:01:42]} {[%emt 00:00:05]} 0-1

[Event "DVM U20 2023"]
[Site "Magdeburg GER"]
[Date "2023.12.29"]
[Round "5"]
[White "Sayouf, Rafif"]
[Black "Becker, Samuel"]
[Result "1/2-1/2"]
[Termination "normal"]
[Board "8.5"]
[WhiteElo "1346"]
[BlackElo "1338"]
[WhiteClock "00:10:34"]
[BlackClock "00:09:07"]
[WhiteTeam "USG Chemnitz"]
[BlackTeam "SF Essen-Katernberg 04/32"]
[PlyCount "86"]
[WhiteFideId "34630333"]
[BlackFideId "16271653"]
[EventCountry "GER"]
[EventRounds "7"]
[EventType "team-swiss"]
[EventDate "2023.12.26"]

1. e4 {[%clk 01:30:58]} {[%emt 00:00:03]} e6 {[%clk 01:30:55]} {[%emt
00:00:05]} 2. d4 {[%clk 01:31:22]} {[%emt 00:00:05]} d5 {[%clk 01:31:20]}
{[%emt 00:00:05]} 3. exd5 {[%clk 01:31:46]} {[%emt 00:00:07]} exd5 {[%clk
01:31:44]} {[%emt 00:00:06]} 4. Bd3 {[%clk 01:32:02]} {[%emt 00:00:13]} Nc6
{[%clk 01:32:06]} {[%emt 00:00:09]} 5. Ne2 {[%clk 01:32:18]} {[%emt 00:00:13]}
Nf6 {[%clk 01:32:11]} {[%emt 00:00:26]} 6. c3 {[%clk 01:32:23]} {[%emt
00:00:24]} Bd6 {[%clk 01:32:18]} {[%emt 00:00:23]} 7. O-O {[%clk 01:32:31]}
{[%emt 00:00:20]} O-O {[%clk 01:32:38]} {[%emt 00:00:11]} 8. Bg5 {[%clk
01:32:20]} {[%emt 00:00:42]} h6 {[%clk 01:30:02]} {[%emt 00:03:06]} 9. Bh4
{[%clk 01:32:28]} {[%emt 00:00:20]} Be7 {[%clk 01:26:37]} {[%emt 00:03:56]} 10.
Nd2 {[%clk 01:28:49]} {[%emt 00:04:07]} Ng4 {[%clk 01:20:03]} {[%emt 00:07:05]}
11. Bxe7 {[%clk 01:28:38]} {[%emt 00:00:41]} Nxe7 {[%clk 01:20:20]} {[%emt
00:00:13]} 12. h3 {[%clk 01:28:34]} {[%emt 00:00:35]} Nf6 {[%clk 01:20:37]}
{[%emt 00:00:13]} 13. Ng3 {[%clk 01:26:10]} {[%emt 00:02:54]} Qd6 {[%clk
01:16:18]} {[%emt 00:04:49]} 14. Nf3 {[%clk 01:24:43]} {[%emt 00:01:57]} c5
{[%clk 01:02:26]} {[%emt 00:14:22]} 15. Bc2 {[%clk 01:15:42]} {[%emt 00:09:30]}
Re8 {[%clk 00:53:23]} {[%emt 00:09:34]} 16. Re1 {[%clk 01:11:38]} {[%emt
00:04:34]} b6 {[%clk 00:49:27]} {[%emt 00:04:27]} 17. Re3 {[%clk 01:04:35]}
{[%emt 00:07:33]} Bb7 {[%clk 00:42:57]} {[%emt 00:06:59]} 18. Qd2 {[%clk
01:01:14]} {[%emt 00:03:51]} Ne4 {[%clk 00:41:20]} {[%emt 00:02:07]} 19. Bxe4
{[%clk 00:58:27]} {[%emt 00:03:16]} dxe4 {[%clk 00:41:07]} {[%emt 00:00:44]}
20. Nxe4 {[%clk 00:58:11]} {[%emt 00:00:46]} Bxe4 {[%clk 00:39:59]} {[%emt
00:01:39]} 21. Rxe4 {[%clk 00:58:31]} {[%emt 00:00:09]} Ng6 {[%clk 00:37:21]}
{[%emt 00:03:07]} 22. dxc5 {[%clk 00:49:19]} {[%emt 00:09:43]} Qxc5 {[%clk
00:36:48]} {[%emt 00:01:04]} 23. Rxe8+ {[%clk 00:48:48]} {[%emt 00:01:01]} Rxe8
{[%clk 00:37:10]} {[%emt 00:00:08]} 24. Re1 {[%clk 00:46:59]} {[%emt 00:02:18]}
Rxe1+ {[%clk 00:37:32]} {[%emt 00:00:08]} 25. Qxe1 {[%clk 00:47:06]} {[%emt
00:00:23]} Qd5 {[%clk 00:37:02]} {[%emt 00:01:00]} 26. a3 {[%clk 00:46:15]}
{[%emt 00:01:22]} Nf4 {[%clk 00:33:00]} {[%emt 00:04:31]} 27. Qd2 {[%clk
00:42:43]} {[%emt 00:04:02]} Nxh3+ {[%clk 00:28:04]} {[%emt 00:05:26]} 28. gxh3
{[%clk 00:37:15]} {[%emt 00:05:58]} Qxf3 {[%clk 00:28:04]} {[%emt 00:00:30]}
29. Qd8+ {[%clk 00:35:24]} {[%emt 00:02:20]} Kh7 {[%clk 00:28:18]} {[%emt
00:00:16]} 30. Qd7 {[%clk 00:35:13]} {[%emt 00:00:41]} a6 {[%clk 00:23:22]}
{[%emt 00:05:26]} 31. Qg4 {[%clk 00:28:14]} {[%emt 00:07:30]} Qd3 {[%clk
00:20:41]} {[%emt 00:03:11]} 32. Kg2 {[%clk 00:25:42]} {[%emt 00:03:02]} Qd5+
{[%clk 00:19:06]} {[%emt 00:02:04]} 33. Kg3 {[%clk 00:25:13]} {[%emt 00:01:01]}
Qd6+ {[%clk 00:16:22]} {[%emt 00:03:13]} 34. Kf3 {[%clk 00:24:28]} {[%emt
00:01:14]} Qd3+ {[%clk 00:16:11]} {[%emt 00:00:41]} 35. Kg2 {[%clk 00:23:06]}
{[%emt 00:01:50]} Qd5+ {[%clk 00:16:26]} {[%emt 00:00:17]} 36. Kg3 {[%clk
00:16:45]} {[%emt 00:06:51]} Qd6+ {[%clk 00:16:44]} {[%emt 00:00:12]} 37. Qf4
{[%clk 00:16:29]} {[%emt 00:00:45]} Qg6+ {[%clk 00:15:35]} {[%emt 00:01:39]}
38. Kf3 {[%clk 00:15:49]} {[%emt 00:01:09]} Qd3+ {[%clk 00:15:24]} {[%emt
00:00:42]} 39. Qe3 {[%clk 00:15:39]} {[%emt 00:00:39]} Qf5+ {[%clk 00:15:13]}
{[%emt 00:00:42]} 40. Kg2 {[%clk 00:11:34]} {[%emt 00:04:35]} Qg6+ {[%clk
00:11:21]} {[%emt 00:04:22]} 41. Kh2 {[%clk 00:11:20]} {[%emt 00:00:43]} Qd6+
{[%clk 00:09:20]} {[%emt 00:02:33]} 42. f4 {[%clk 00:10:57]} {[%emt 00:00:53]}
Qg6 {[%clk 00:09:07]} {[%emt 00:00:42]} 43. Qd2 {[%clk 00:10:34]} {[%emt
00:00:52]} Qf5 {[%emt 00:10:55]} 1/2-1/2

[Event "DVM U20 2023"]
[Site "Magdeburg GER"]
[Date "2023.12.29"]
[Round "5"]
[White "Beliaev, Maksim"]
[Black "Finck, Jonathan"]
[Result "0-1"]
[Termination "normal"]
[Board "8.6"]
[WhiteElo "1086"]
[BlackElo "1520"]
[WhiteClock "01:05:42"]
[BlackClock "00:21:33"]
[WhiteTeam "SF Essen-Katernberg 04/32"]
[BlackTeam "USG Chemnitz"]
[PlyCount "111"]
[BlackFideId "34630155"]
[EventCountry "GER"]
[EventRounds "7"]
[EventType "team-swiss"]
[EventDate "2023.12.26"]

1. c4 {[%clk 01:30:57]} {[%emt 00:00:02]} e6 {[%clk 01:29:37]} {[%emt
00:01:24]} 2. Nf3 {[%clk 01:30:44]} {[%emt 00:00:42]} d5 {[%clk 01:29:09]}
{[%emt 00:00:59]} 3. b3 {[%clk 01:30:58]} {[%emt 00:00:17]} Nf6 {[%clk
01:27:17]} {[%emt 00:02:23]} 4. Bb2 {[%clk 01:29:59]} {[%emt 00:01:27]} g6
{[%clk 01:25:07]} {[%emt 00:02:41]} 5. e3 {[%clk 01:26:46]} {[%emt 00:03:41]}
c5 {[%clk 01:23:05]} {[%emt 00:02:32]} 6. cxd5 {[%clk 01:24:57]} {[%emt
00:02:21]} exd5 {[%clk 01:23:11]} {[%emt 00:00:24]} 7. d4 {[%clk 01:25:20]}
{[%emt 00:00:06]} cxd4 {[%clk 01:15:31]} {[%emt 00:08:11]} 8. Nxd4 {[%clk
01:23:20]} {[%emt 00:02:28]} Bg7 {[%clk 01:15:16]} {[%emt 00:00:47]} 9. g3
{[%clk 01:20:36]} {[%emt 00:03:13]} O-O {[%clk 01:13:01]} {[%emt 00:02:45]} 10.
Bg2 {[%clk 01:18:25]} {[%emt 00:02:40]} b6 {[%clk 01:07:39]} {[%emt 00:05:53]}
11. O-O {[%clk 01:15:25]} {[%emt 00:03:30]} Bb7 {[%clk 01:06:30]} {[%emt
00:01:38]} 12. Nd2 {[%clk 01:13:08]} {[%emt 00:02:48]} Nc6 {[%clk 01:04:54]}
{[%emt 00:02:06]} 13. N2f3 {[%clk 01:11:23]} {[%emt 00:02:14]} Re8 {[%clk
01:02:08]} {[%emt 00:03:18]} 14. Nxc6 {[%clk 01:08:36]} {[%emt 00:03:15]} Bxc6
{[%clk 01:01:00]} {[%emt 00:01:39]} 15. Rc1 {[%clk 01:06:28]} {[%emt 00:02:36]}
Bb7 {[%clk 00:58:35]} {[%emt 00:02:56]} 16. Qd3 {[%clk 01:03:32]} {[%emt
00:03:26]} Qd7 {[%clk 00:49:28]} {[%emt 00:09:22]} 17. Rfd1 {[%clk 01:02:05]}
{[%emt 00:02:10]} Rad8 {[%clk 00:38:31]} {[%emt 00:11:28]} 18. Nd4 {[%clk
00:56:00]} {[%emt 00:06:35]} Ne4 {[%clk 00:36:11]} {[%emt 00:02:50]} 19. Ba1
{[%clk 00:49:08]} {[%emt 00:07:22]} Nc5 {[%clk 00:32:32]} {[%emt 00:04:09]} 20.
Qd2 {[%clk 00:44:29]} {[%emt 00:05:09]} Ne6 {[%clk 00:27:26]} {[%emt 00:05:36]}
21. Nxe6 {[%clk 00:44:34]} {[%emt 00:00:26]} fxe6 {[%clk 00:27:14]} {[%emt
00:00:42]} 22. Bxg7 {[%clk 00:44:54]} {[%emt 00:00:09]} Qxg7 {[%clk 00:25:08]}
{[%emt 00:02:37]} 23. Qc3 {[%clk 00:42:21]} {[%emt 00:03:03]} Qxc3 {[%clk
00:18:51]} {[%emt 00:06:47]} 24. Rxc3 {[%clk 00:42:44]} {[%emt 00:00:08]} Re7
{[%clk 00:16:44]} {[%emt 00:02:36]} 25. Rdc1 {[%clk 00:41:24]} {[%emt
00:01:50]} Ba6 {[%clk 00:09:41]} {[%emt 00:07:32]} 26. Rc7 {[%clk 00:40:58]}
{[%emt 00:00:58]} Rdd7 {[%clk 00:09:15]} {[%emt 00:00:56]} 27. Rxd7 {[%clk
00:40:21]} {[%emt 00:01:07]} Rxd7 {[%clk 00:09:42]} {[%emt 00:00:04]} 28. Rc6
{[%clk 00:40:34]} {[%emt 00:00:15]} Kf7 {[%clk 00:08:39]} {[%emt 00:01:30]} 29.
Bh3 {[%clk 00:40:08]} {[%emt 00:01:00]} Re7 {[%clk 00:08:37]} {[%emt 00:00:32]}
30. f4 {[%clk 00:38:17]} {[%emt 00:02:20]} Bb7 {[%clk 00:04:49]} {[%emt
00:04:17]} 31. Rd6 {[%clk 00:38:41]} {[%emt 00:00:08]} e5 {[%clk 00:02:20]}
{[%emt 00:02:59]} 32. fxe5 {[%emt 00:01:38]} Rxe5 {[%clk 00:02:37]} {[%emt
00:00:01]} 33. Kf2 {[%clk 00:37:35]} {[%emt 00:00:40]} g5 {[%clk 00:01:44]}
{[%emt 00:01:22]} 34. Kf3 {[%clk 00:37:36]} {[%emt 00:00:29]} d4+ {[%clk
00:01:18]} {[%emt 00:00:57]} 35. Kf2 {[%clk 00:37:15]} {[%emt 00:03:42]} dxe3+
{[%clk 00:03:08]} {[%emt 00:00:29]} 36. Ke1 {[%clk 00:37:26]} {[%emt 00:00:18]}
Bf3 {[%clk 00:01:40]} {[%emt 00:01:58]} 37. Rd7+ {[%clk 00:34:03]} {[%emt
00:03:52]} Re7 {[%clk 00:02:01]} {[%emt 00:00:09]} 38. Rd4 {[%clk 00:34:03]}
{[%emt 00:00:28]} h5 {[%clk 00:00:54]} {[%emt 00:01:41]} 39. g4 {[%clk
00:33:54]} {[%emt 00:00:39]} h4 {[%clk 00:00:36]} {[%emt 00:00:49]} 40. Rd3
{[%clk 00:33:36]} {[%emt 00:00:46]} Re4 {[%clk 00:00:35]} {[%emt 00:00:31]} 41.
Rd7+ {[%clk 00:33:46]} {[%emt 00:00:19]} Re7 {[%clk 00:00:51]} {[%emt
00:00:14]} 42. Rd3 {[%clk 00:33:16]} {[%emt 00:01:00]} Kf6 {[%clk 00:00:32]}
{[%emt 00:00:50]} 43. Bf1 {[%clk 00:33:20]} {[%emt 00:00:26]} Bxg4 {[%clk
00:30:23]} {[%emt 00:00:39]} 44. h3 {[%clk 01:02:46]} {[%emt 00:01:04]} Bf5
{[%clk 00:26:51]} {[%emt 00:04:01]} 45. Rc3 {[%clk 01:02:40]} {[%emt 00:00:37]}
g4 {[%clk 00:24:15]} {[%emt 00:03:05]} 46. hxg4 {[%clk 01:02:46]} {[%emt
00:00:25]} Bxg4 {[%clk 00:24:23]} {[%emt 00:00:21]} 47. Be2 {[%clk 01:02:56]}
{[%emt 00:00:20]} Bxe2 {[%clk 00:24:32]} {[%emt 00:00:23]} 48. Kxe2 {[%clk
01:03:17]} {[%emt 00:00:09]} Kf5 {[%clk 00:24:25]} {[%emt 00:00:37]} 49. Rxe3
{[%clk 01:03:21]} {[%emt 00:00:25]} Rxe3+ {[%clk 00:24:37]} {[%emt 00:00:18]}
50. Kxe3 {[%clk 01:03:46]} {[%emt 00:00:04]} Kg4 {[%clk 00:23:20]} {[%emt
00:01:47]} 51. Kf2 {[%clk 01:04:09]} {[%emt 00:00:07]} h3 {[%clk 00:23:40]}
{[%emt 00:00:12]} 52. a3 {[%clk 01:04:21]} {[%emt 00:00:17]} Kf4 {[%clk
00:23:40]} {[%emt 00:00:30]} 53. b4 {[%clk 01:04:38]} {[%emt 00:00:13]} b5
{[%clk 00:23:43]} {[%emt 00:00:28]} 54. Kg1 {[%clk 01:04:57]} {[%emt 00:00:12]}
Ke3 {[%clk 00:21:16]} {[%emt 00:02:56]} 55. Kh2 {[%clk 01:05:21]} {[%emt
00:00:05]} Kd3 {[%clk 00:21:33]} {[%emt 00:00:13]} 56. Kxh3 {[%clk 01:05:42]}
{[%emt 00:00:10]} 0-1